000 03854cam a22006254i 4500
003 PE-LiUPU
005 20250731180148.0
008 150706s2007 sp a r 000 0 spa d
020 _a9788495447272
035 _a(Sirsi) i9788495447272
040 _aPE-LiUPU
_bspa
_cPE-LiUPU
_erda
049 _aPRUA
082 0 4 _a530.076
_bB94
_221
100 1 _aBurbano de Ercilla, Santiago,
_eautor.
245 1 0 _aProblemas de física /
_cSantiago Burbano de Ercilla, Enrique Burbano García , Carlos Gracia Muñoz.
250 _a27a
264 1 _aMadrid :
_bTébar,
_c2007.
300 _a815 páginas :
_bilustraciones ;
_c30 centímetros
336 _atext
_2rdacontent
337 _aunmediated
_2rdamedia
338 _avolume
_2rdacarrier
505 0 _aUnidades físicas. Análisis dimensionales -- Errores en las Medidas. Cálculo Vectorial. Sistemas de referencia -- Cinemática de la Partícula. Magnitudes fundamentales. Movimiento Rectilíneo -- Cinemática de los Movimientos curvilíneos de la Partícula. Movimientos Relativos -- Fuerza y Masa. Las Tres Leyes de Newton. Estática de la Partícula -- Peso. Rozamiento. Oscilaciones -- Trabajo y Energía. Teoría de Campos. Principio de Conservación de la Energía -- Dinámica de los Sistemas de Partículas -- Cinemática y Estática del Sólido Rígido -- Dinámica del Sólido Rígido -- El Campo Gravitatorio -- Estudio Básico de La Estructura de la Materia. Mecánica de Fluidos -- Elasticidad. Fenómenos Moleculares en los Líquidos -- Temperatura y Dilatación. Teoría Cinética Molecular -- El Calor Y sus Efectos -- Primer y Segundo Principios de la Termodinámica. -Movimientos ondulatorios -- Electromagnetismo -- electrostática -- Campo Eléctrico en la Materia -- Corriente Eléctrica Continua -- Campo Magnético. -Corrientes Inducidas -- Ecuaciones de Maxwell. Ondas electromagnéticas -- Óptica Geométrica -- Óptica Geométrica. -Óptica Física -- Cinemática y Dinámica Relativistas -- Corteza Atómica -- Electrónica -- El Núcleo Atómico.
526 _aSEG44
526 _aSEG26
526 _aP159
526 _aP155
526 _aP154
526 _aP153
526 _aP150
526 _aP100
526 _aP31
526 _aP30
526 _aP26
526 _aP25
526 _aP24
526 _aP22
526 _aP15
526 _aP10
526 8 _iPrograma académico :
_5PE-LIPU
541 _g001-0035421;
541 _g0001-0042198;
650 0 4 _aFisica
_xProblemas, ejercicios, etc.
700 1 _aBurbano García, Enrique,
_eautor.
700 1 _aGarcia Muñoz, Carlos,
_eautor.
910 _bjv
_cng
_d20120620
910 _adbm
_bjpc
_cjpc
_d20171031
942 _2ddc
_cBOOK
949 _a530.076 B94 1
_wDEWEY
_c1
_i65043
_lCCODEBUL1
_mBUL
_p86.00
_r0
_sY
_tBOOK
_u2015-7-6
_xINGENIERIA
_zUNKNOWN
_o.STAFF. Colección General
994 _aC0
_bPEPRU
596 _a1
999 _a530.076 B94 1
_wDEWEY
_c53731
_i65043
_d53731
_e2019-1-30
_f2021-11-9
_g7
_lCCODEBUL1
_mBUL
_n6
_p86.00
_q1
_r0
_sY
_tBOOK
_u2015-7-6
_xINGENIERIA
_zUNKNOWN
_0COMPRA
_o.STAFF. Colección General
999 _a530.076 B94 1
_wDEWEY
_c2
_i76966
_d2019-7-8
_e2019-7-8
_f2021-11-9
_g5
_lCCODEBUL1
_mBUL
_n2
_p61.00
_r0
_sY
_tBOOK
_u2017-10-31
_xINGENIERIA
_PP25
_0COMPRA
_o.STAFF. Colección Ingeniería y Arquitectura
999 _a530.076 B94 1
_wDEWEY
_c3
_i76967
_f2021-11-9
_g5
_lCCODEBUL1
_mBUL
_p61.00
_r0
_sY
_tBOOK
_u2017-10-31
_xINGENIERIA
_PP25
_0COMPRA
_o.STAFF. Colección Ingeniería y Arquitectura
999 _a530.076 B94 1
_wDEWEY
_c4
_i76968
_d2022-5-16
_e2020-1-14
_f2021-11-9
_g5
_lCCODEBUL1
_mBUL
_n5
_p61.00
_q3
_r0
_sY
_tBOOK
_u2017-10-31
_xINGENIERIA
_PP25
_0COMPRA
_o.STAFF. Colección Ingeniería y Arquitectura
980 _81
_gALBERTO SANCHEZ Responsable de Automatización